000 00647cam a22002291 4500
001 f 01003275
003 DLC
005 20260227111246.0
008 800502s1900 fr b 000 0 fre
010 _af 01003275
035 _a(OCoLC)6273545
040 _aDLC
_cTxCM
_dTxCM
_dDLC
042 _apremarc
050 0 0 _aHB105.C3
_bL4
100 1 _aLegrand, Robert.
245 1 0 _aRichard Cantillon;
_bun mercantiliste précurseur des physiocrates.
260 _aParis,
_bV. Giard & Brière,
_c1900.
300 _aviii, 168 p.
_c25 cm.
504 _a"Bibliographie": p. [v]-vi.
600 1 0 _aCantillon, Richard,
_d-1734.
650 0 _aEconomics.
999 _c23033
_d23033